[Event "POL-chT1"]
[Site "Szklarska Poreba"]
[Date "2013.09.09"]
[Round "3"]
[White "Gasik, Anna"]
[Black "Toma, Katarzyna"]
[Result "1-0"]
[WhiteElo "2227"]
[BlackElo "2301"]
[PlyCount "75"]
[EventDate "2013.09.07"]
[EventType "team-tourn"]
[EventRounds "9"]
[EventCountry "POL"]
[SourceTitle "EXT 2015"]
[Source "ChessBase"]
[SourceDate "2014.11.20"]
[SourceVersion "1"]
[SourceVersionDate "2014.11.20"]
[SourceQuality "1"]
[WhiteTeam "Pultusk Nadnarwianka"]
[BlackTeam "Lublin Drakon"]
[WhiteTeamCountry "POL"]
[BlackTeamCountry "POL"]

1. e4 e5 2. Nf3 d6 3. d4 exd4 4. Qxd4 Nc6 5. Bb5 Bd7 6. Bxc6 bxc6 7. c4 Nf6 8. Nc3 Be7 9. 0-0 0-0 10. h3 Re8 11. Be3 c5 12. Qd3 Qc8 13. Rfe1 h6 14. Rad1 Bf8 15. Bf4 a5 16. e5 Bf5 17. Qd2 dxe5 18. Bxe5 Nd7 19. Bg3 Rxe1+ 20. Rxe1 Nb6 21. b3 a4 22. Nb5 axb3 23. axb3 c6 24. Nd6 Bxd6 25. Bxd6 Nd7 26. Nh4 Be6 27. Ng6 Qb7 28. Ne7+ Kh8 29. Re3 Ra1+ 30. Kh2 Qa8 31. Qe2 Qa2 32. Rxe6 fxe6 33. Qxe6 Nf6 34. Qc8+ Kh7 35. Qf5+ Kh8 36. Be5 Qb1 37. Qc8+ Kh7 38. Bxf6 1-0

[Event "Warsaw Najdorf Memorial op-A 11th"]
[Site "Warsaw"]
[Date "2013.08.13"]
[Round "9"]
[White "Gasik, Anna"]
[Black "Iwanow, Anna"]
[Result "1-0"]
[WhiteElo "2212"]
[BlackElo "2230"]
[PlyCount "81"]
[EventDate "2013.08.05"]
[EventType "swiss"]
[EventRounds "9"]
[EventCountry "POL"]
[SourceTitle "CBM 155 Extra"]
[Source "ChessBase"]
[SourceDate "2013.08.26"]
[SourceVersion "1"]
[SourceVersionDate "2013.08.26"]
[SourceQuality "1"]

1. e4 c5 2. Nf3 e6 3. d4 cxd4 4. Nxd4 Nf6 5. Nc3 d6 6. Be2 Be7 7. 0-0 a6 8. a4 Nc6 9. Be3 Qc7 10. f4 0-0 11. Kh1 Re8 12. Bf3 Na5 13. Qe1 Nc4 14. Bc1 e5 15. Nf5 Bxf5 16. exf5 e4 17. Nxe4 d5 18. Nxf6+ Bxf6 19. Qf2 Rad8 20. c3 Rd7 21. g4 Be7 22. b3 Na5 23. Rb1 Bc5 24. Qg2 Be3 25. Bxd5 Bxc1 26. Rbxc1 Red8 27. c4 Nxb3 28. Rb1 Nc5 29. g5 Qa5 30. g6 Rxd5 31. cxd5 Qxa4 32. gxf7+ Kxf7 33. Rbe1 Qd4 34. Re5 Nd3 35. Re2 Rxd5 36. Qg5 Rd7 37. Qh5+ g6 38. Qxh7+ Kf8 39. Qh6+ Qg7 40. Qxg6 Rd8 41. Rg2 1-0

[Event "Warsaw Najdorf Memorial op-A 11th"]
[Site "Warsaw"]
[Date "2013.08.11"]
[Round "7"]
[White "Stachowiak, Kamil"]
[Black "Gasik, Anna"]
[Result "1-0"]
[WhiteElo "2470"]
[BlackElo "2212"]
[PlyCount "73"]
[EventDate "2013.08.05"]
[EventType "swiss"]
[EventRounds "9"]
[EventCountry "POL"]
[SourceTitle "CBM 155 Extra"]
[Source "ChessBase"]
[SourceDate "2013.08.26"]
[SourceVersion "1"]
[SourceVersionDate "2013.08.26"]
[SourceQuality "1"]

1. d4 d5 2. Nf3 Nf6 3. c4 c6 4. Nc3 e6 5. e3 Nbd7 6. Qc2 Bd6 7. Be2 0-0 8. 0-0 Qe7 9. b3 dxc4 10. bxc4 e5 11. Rd1 Re8 12. c5 Bc7 13. Ba3 e4 14. Nd2 Ba5 15. Nc4 Bxc3 16. Qxc3 Nd5 17. Qb3 N7f6 18. Nd6 Rd8 19. Rab1 Rd7 20. Qc2 b5 21. cxb6 axb6 22. Nxc8 Qxa3 23. Nxb6 Nxb6 24. Rxb6 h6 25. Qxc6 Qxa2 26. Bc4 Qa3 27. h3 Rad8 28. Rdb1 Qa5 29. Rb7 Qd2 30. Rxd7 Rxd7 31. Qc5 Rd8 32. Rb7 Qe1+ 33. Kh2 Qxf2 34. Rxf7 Kh8 35. Qe7 Rg8 36. Rxf6 gxf6 37. Bxg8 1-0